La inmortalidad /
Guardado en:
| Autor Principal: | |
|---|---|
| Formato: | Libro |
| Publicado: |
Barcelona :
Rba Editores,
1993
|
| Series: | Narrativa actual ; 16
|
| Materias: | |
| Etiquetas: |
Agregar Etiqueta
Sin Etiquetas, Sea el primero en etiquetar este registro!
|
| LEADER | 00646nam a22002175a 4500 | ||
|---|---|---|---|
| 001 | CEM.cems014885 | ||
| 005 | 20180416160503.0 | ||
| 008 | 130507s1993##################000#0#####d | ||
| 003 | CEMS | ||
| 020 | |a 8447300153 | ||
| 082 | 0 | 4 | |a 891-86 |
| 100 | 1 | |a Kundera, Milan | |
| 245 | 1 | 0 | |a La inmortalidad / |c Milan Kundera |
| 260 | |a Barcelona : |b Rba Editores, |c 1993 | ||
| 300 | |a 408 p. | ||
| 490 | 0 | |a Narrativa actual ; 16 | |
| 500 | |a Título original: Nesmrtelmost.traducción de Fernando de Valenzuela | ||
| 653 | |a Literatura | ||
| 653 | |a Literatura checoslovaca | ||
| 653 | |a Novelas | ||
| 859 | |a CEMS |b BIB. CEMS - 11 de abril |h 891-86 |i K962-5 |p 27480.18 |t Ej.1 | ||
